000 005030000a22001810004500
020 _a1-55883-090-1
041 0 _aSPA
082 0 4 _aG 270 R6431t
100 1 _aRoberts, Frank C.
245 1 0 _aA todas las generaciones : Un estudio de la historia de la iglesia / Frank C. Roberts
260 _aGrand Rapids, MI., USA : Desafío
300 _a285 Pag
001 8446
942 _cBK
999 _c38596
_d38596
336 _atexto
_btxt
_2rdacontent
337 _2rdamedia
_asin mediación
_bn
338 _2rdacarrier
_avolumen
_bnc